| 000 | | | 04435cim0a2200325#x 450 |
| 001 | | | d78ffd8c-43d5-4270-a53e-2c5931ca5e53 |
| 005 | | | 20240306112337.0 |
| 100 | ## | $a | 20240304d1968####k###0rusy50 ca |
| 101 | 0# | $a | rus |
| 102 | ## | $a | RU |
| 122 | 0# | $a | d19441020## |
| 125 | ## | $b | n# |
| 127 | ## | $a | 000551 |
| 135 | ## | $a | hrnnannnannun |
| 139 | ## | $a | uaz# |
| | $x | wma |
| 200 | 1# | $a | Сообщение Совинформбюро от 20 октября 1944 г. о взятии советскими войсками ряда мелких населенных пунктов в Северной Трансильвании, об овладении войсками 2-го Украинского фронта крупным промышленным центром в Венгрии г. Дебреценым, об освобождении войсками 3-го Украинского фронта г. Белграда |
| | $j | [20 октября 1944 г.] |
| 251 | ## | $c | Документ |
| 300 | ## | $a | Звукозапись |
| 300 | ## | $a | Читает Ю. Б. Левитан |
| 300 | ## | $a | Дата записи 1968 г. |
| 605 | ## | $2 | prlib_sh |
| | $3 | LIBNET\UAF\0000088514 |
| | $a | Вторая мировая война в архивных документах (Комплекс оцифрованных архивных документов, кино- и фотоматериалов) |
| | $l | коллекция |
| 606 | 1# | $2 | nlr_sh |
| | $3 | RU\NLR\AUTH\6601606982 |
| | $a | Великая Отечественная война |
| | $z | 1941 - 1945 |
| | $x | Наступательные операции |
| | $z | 1944 - 1945 |
| | $j | Звукозапись |
| 606 | 1# | $2 | nlr_sh |
| | $3 | RU\NLR\AUTH\661492830 |
| | $a | Вторая мировая война |
| | $z | 1939 - 1945 |
| | $y | Европа Восточная |
| | $j | Звукозапись |
| 686 | ## | $a | 63.3(2)622,13я04 |
| | $v | LBC/M |
| | $2 | rubbk |
| 686 | ## | $a | 63.3(0)62я04 |
| | $v | LBC/M |
| | $2 | rubbk |
| 801 | #0 | $a | RU |
| | $b | ПБ им. Б.Н. Ельцина |
| | $c | 20240304 |
| 801 | #1 | $a | RU |
| | $b | ПБ им. Б.Н. Ельцина |
| | $c | 20240304 |
| | $2 | rusmarc |
| 801 | #2 | $a | RU |
| | $b | ПБ им. Б.Н. Ельцина |
| | $c | 20240306 |
| | $2 | rusmarc |
| 850 | ## | $a | Российский государственный архив фонодокументов |
| 852 | ## | $a | РГАФД |
| | $j | Арх. № М-5833 |
| 035 | ## | $a | LIBNET\0001384674 |
| 937 | ## | $d | 191152995 |
| | $h | Федеральное архивное агентство |
| 856 | 4# | $u | http://readingroom.main.prlib.ru/item.aspx?id_node=n191152995&mode=full |